| 000 | 00902nam a2200241 i 4500 | ||
|---|---|---|---|
| 001 | 41161 | ||
| 003 | ES-MaACL | ||
| 005 | 20250730084009.0 | ||
| 007 | t| | ||
| 008 | 030310s1978 sp |||| | spa d | ||
| 111 | 2 |
_aSimposio Internacional de Rehabilitación ( _n2º. _d1978. _cMadrid) _91075 |
|
| 245 | 1 | 0 |
_aProblemática de los amputados de la extremidad inferior / _cII Symposium Internacional de Rehabilitación ; bajo la dirección de A. Carabias Aguilar. |
| 260 |
_aMadrid : _bMAPFRE, _c[1978] |
||
| 300 |
_aXII, 486 p. : _bil. ; _c21 cm. |
||
| 490 | 1 |
_aTemas de medicina ; _v5 |
|
| 500 | _aPrecede al tít.: Fundación Mapfre. | ||
| 650 | 4 |
_aAmputados- _xRehabilitación. _9165132 |
|
| 700 | 1 |
_aCarabias Aguilar, Antonio. _934929 |
|
| 710 | 2 |
_aFundación MAPFRE _94362 |
|
| 830 | 0 |
_aTemas de medicina ; _v5 _9187026 |
|
| 852 |
_aES-MaACL _jA-10186 |
||
| 999 |
_c41161 _d41161 |
||